Gaming Quiz

Random Gaming or Video Games Quiz

Pokémon Profile 67: #248 Tyranitar Quiz Stats

 Plays Quiz not verified by Sporcle

Score 0/15 Timer 05:00
0 Plays Today
Question Answer % Correct
...and is resistant to... (Name one)Normal, Flying, Poison, Ghost, Fire and Dark
100%
What type is Tyranitar?Rock Dark
96.9%
What is Tyranitar's Unevolved form called?Larvitar
96.9%
What is Tyranitar's Pre-Evolution called?Pupitar
96.9%
What type are Tyranitar's Pre-Evolutions?Rock Ground
96.9%
Tyranitar is weak to... (Name one)Fighting, Ground, Bug, Steel, Water, Grass and Fairy
96.9%
Tyranitar is immune to one type. Name it.Psychic
96.9%
In what generations can you find a wild Tyranitar?In Gen. 5 (Route 15 (Rustling Grass))
93.8%
Question Answer % Correct
What region is Tyranitar native to?Johto
90.6%
If Tyranitar rampages, it knocks down ________ and buries rivers.Mountains
90.6%
What Abilities can a Tyranitar have?Sand Stream (Unnerve)
87.5%
Tyranitar's belly scales are normally blue, but when it Mega Evolves they becomeRed
87.5%
What does Tyranitar most likely resemble?Armadillo Girdled Lizard, Tyrannosaurus or Kaiju (Godzilla)
81.3%
Which Egg Group does Tyranitar belong to?Monster
78.1%
Tyranitar is known as the...Armor Pokémon
37.5%

You're not logged in!

Compare scores with friends on all Sporcle quizzes.
OR
Log In

Sporcle TV

Today on Sporcle TV


Watch our educational content, quiz creation guides, and fun videos on Sporcle TV.

Show Comments

Extras

Top Quizzes Today


Score Distribution

Your Account Isn't Verified!

In order to create a playlist on Sporcle, you need to verify the email address you used during registration. Go to your Sporcle Settings to finish the process.

Report this User

Report this user for behavior that violates our Community Guidelines.

Details: